000 00784nam a2200217 i 4500
001 101266
003 ES-MaACL
005 20250829062543.0
007 t|
008 051017s1944 sp ||||1| spa d
100 1 _aMaurois, André,
_d1885-1967
_979267
245 1 4 _aLos ingleses /
_cAndré Maurois, [seud.] de Emile Herzog; versión española de María Luz Morales; sobrecubierta, cubierta y portada de E. Moneny.
260 _aBarcelona :
_bSurco,
_c1944.
300 _a112 p., 20 lám. ;
_c24 cm.
650 0 4 _aBritánicos-
_xPsicología.
_910620
651 4 _aGran Bretaña-
_xUsos y costumbres.
_98765
700 1 _aMorales, María Luz,
_d1889-1980
_983001
700 1 _aMoneny, Enrique.
_982164
852 _aES-MaACL
_jF-15914
_bR.20687
999 _c101266
_d101266